000 00720nam a2200205Ia 4500
001 14722
003 GE_BSU
008 181216s||||||||xx |||||||||||||| ||und||
040 _cGE_BSU
080 _aპერიოდიკა
245 _aეკონომიკა №10-12. 2014
245 _bმეცნიერება,პრაქტიკა,გამოცდილება.
245 _cმთ.რედ: რ.შენგელია
260 _aთბილისი
260 _c2014
300 _a204გვ.20სმ.
653 _aეკონომიკა №10-12 2014
653 _aმეცნიერება,პრაქტიკა,გამოცდილება.
942 _cCR
999 _c47848
_d47848